000 00328nam a2200133 4500
005 20260530115312.0
100 1 _aAlejandro Asencio
_932934
245 1 0 _aStorage Areas
264 1 _bParragon Books
_c2009
300 _a238 páginas
336 _atexto
_2rdacontent
337 _asin medio
_2rdamedia
338 _avolumen
_2rdacarrier
999 _c13392
_d13392